000 01778nam a22004337a 4500
003 CHAP
005 20220329135603.0
008 971013s1970 r 00010 d
010 _a38902
011 _a39874
035 _a43999
040 _cCHAP
082 _a664.85
_bM6
100 0 0 _aMolinas Ferrer, M.
_977417
245 _aFrigoconservación y manejo
_b: frutas, flores y hortalizas
260 _aBarcelona :
_bAedos,
_c1970
300 _a278 p.
_b: ilus. ; láms
490 _aBiblioteca agrícola Aedos
590 _aBATCH-UPD
_b10
_c20130110
_lUCH01
_h0102
590 _aBATCH-UPD
_b10
_c20130110
_lUCH01
_h1608
590 _aBATCH-UPD
_b10
_c20130410
_lUCH01
_h1004
590 _aBATCH-UPD
_b10
_c20130914
_lUCH01
_h0616
590 _aCONVERSION
_b10
_c20130109
_lUCH01
_h1322
650 1 4 _aFruta
_xPreservación.
_943652
650 1 4 _aLegumbres congeladas.
_965803
650 1 4 _aLegumbres
_xPreservación.
_965774
700 0 _aDurán Torrallardona, Sebastián.
_934711
830 0 _aBiblioteca agrícola Aedos
_912228
901 _aBK
942 _cLIBRO
949 _a664.85 M6
_bBC
_cLIBRO
_d33724000131298
_eLIBRO
_fc.3
_h27925
_i43999
_si
_t143.00
949 _a664.85 M6
_bBC
_cLIBRO
_d33724000131306
_eLIBRO
_fc.4
_h27926
_i43999
_si
_t143.00
949 _a664.85 M6
_bBC
_cLIBRO
_d33724000131314
_eLIBRO
_fc.7
_h39263
_i43999
_si
_t143.00
949 _a664.85 M6
_bBC
_cLIBRO
_d33724000131322
_eLIBRO
_fc.8
_h39264
_i43999
_si
_t143.00
949 _a664.85 M6
_bBC
_cLIBRO
_d33724000131330
_eLIBRO
_fc.5
_h27927
_i43999
_si
_t143.00
949 _a664.85 M6
_bBC
_cLIBRO
_d33724000610861
_eLIBRO
_h27923
_i43999
_si
_t143.00
949 _a664.85 M6
_bBC
_cLIBRO
_d33724000658274
_eLIBRO
_fc.6
_h29457
_i43999
_si
_t143.00
949 _a664.85 M6
_bBC
_cLIBRO
_d33724000900999
_eLIBRO
_fc.2
_h27924
_i43999
_si
_t143.00
999 _c38902
_d38902